大乱闘スマッシュブラザーズシリーズの登場キャラクター - Statistics

General Stats
  • This quiz has been taken 391 times
  • The average score is 54 of 102
Answer Stats
No. プレイヤー名 % Correct
01 マリオ
98%
09 ルイージ
93%
02 ドンキーコング
89%
13 ピーチ
89%
14 クッパ
88%
08 ピカチュウ
86%
06 カービィ
85%
03 リンク
84%
04 サムス
81%
13' デイジー
81%
39 デデデ
76%
10 ネス
72%
17 ゼルダ
72%
23 ガノンドロフ
72%
05 ヨッシー
70%
12 プリン
70%
33~35 ポケモントレーナー
70%
04' ダークサムス
69%
07 フォックス
67%
19 ピチュー
67%
27 メタナイト
66%
11 キャプテン・ファルコン
65%
21 マルス
65%
24 ミュウツー
65%
30 ワリオ
65%
41 ルカリオ
65%
20 ファルコ
63%
58 クッパJr.
62%
(58) | 25 ロイ
60%
37 リュカ
60%
43 トゥーンリンク
60%
50 ゲッコウガ
60%
77 スティーブ
59%
22 こどもリンク
58%
28 ピット
58%
29 ゼロスーツサムス
58%
36 ディディーコング
58%
32 アイク
57%
45 むらびと
57%
21' ルキナ
55%
38 ソニック
55%
15 アイスクライマー
54%
28' ブラックピット
54%
42 ロボット
54%
60 リュウ
54%
69 ガオガエン
54%
70 パックンフラワー
54%
18 ドクターマリオ
52%
31 スネーク
52%
35 リザードン
52%
68 しずえ
52%
82 ソラ
52%
26 Mr.ゲーム&ウォッチ
52%
16 シーク
51%
67 キングクルール
51%
60' ケン
50%
72 勇者
50%
79 ホムラ
50%
81 カズヤ
50%
54 パルテナ
49%
44 ウルフ
48%
65 リドリー
48%
80 ヒカリ
47%
55 パックマン
46%
71 ジョーカー
46%
61 クラウド
45%
46 ロックマン
44%
33 ゼニガメ
42%
76 ミェンミェン
42%
78 セフィロス
41%
25' クロム
40%
34 フシギソウ
40%
64 インクリング
40%
(77) エンダーマン
40%
40 ピクミン&オリマー
39%
63 ベヨネッタ
39%
77 アレックス
39%
(77) ゾンビ
39%
56 ルフレ
38%
73 バンジョー&カズーイ
38%
47 Wii Fitトレーナー
38%
57 シュルク
35%
59 ダックハント
35%
62 カムイ
34%
75 ベレト
34%
75 ベレス
34%
74 テリー
32%
48 ロゼッタ&チコ
31%
(58) イギー
31%
66 シモン
31%
66' リヒター
31%
49 リトル・マック
29%
(58) モートン
28%
(58) レミー
28%
(58) ラリー
27%
(58) ルドウィッグ
27%
51 Miiファイター(Mii 格闘タイプ)
27%
52 Miiファイター(Mii 剣術タイプ)
27%
53 Miiファイター(Mii 射撃タイプ)
27%
(58) ウェンディ
26%
(40) ピクミン&アルフ
10%
No matching quizzes found
Score Distribution
Percent of People with Each Score
Percentile by Number Answered
Your Score History
You have not taken this quiz